[Event "NOR-chT Codanserien 2017-18"]
[Site "Oslo"]
[Date "2017.12.03"]
[Round "3"]
[White "Nielsen, Andre"]
[Black "Elseth, Roar"]
[Result "1/2-1/2"]
[WhiteElo "2126"]
[BlackElo "2324"]
[Annotator "NA"]
[PlyCount "143"]
[EventDate "2017.??.??"]
[EventType "team-tourn"]
[EventCountry "NOR"]
[SourceTitle "playchess.com"]
[Source "ChessBase"]
[SourceQuality "1"]
[TimeControl "40/5400+30:1800+30"]

1. e4 {[%emt 0:00:00]} e5 {[%emt 0:00:06]} 2. Nf3 {[%emt 0:00:00]} Nc6 {[%emt 0:00:05]} 3. Bb5 {[%emt 0:00:03]} a6 {[%emt 0:00:06]} 4. Ba4 {[%emt 0:00:10]} Nf6 {[%emt 0:00:07]} 5. O-O {[%emt 0:00:36]} Be7 {[%emt 0:00:51]} 6. Re1 {[%emt 0:00:32]} b5 {[%emt 0:00:05]} 7. Bb3 {[%emt 0:00:14]} d6 {[%emt 0:00:02]} 8. c3 {[%emt 0:01:17]} O-O {[%emt 0:00:22]} 9. h3 {[%emt 0:00:44]} Nb8 {[%emt 0:00:32]} 10. d4 {[%emt 0:00:46]} Nbd7 {[%emt 0:00:04]} 11. Nbd2 {[%emt 0:00:58]} Bb7 {[%emt 0:00:47]} 12. Bc2 {[%emt 0:00:58]} Re8 {[%emt 0:00:06]} 13. Nf1 {[%emt 0:02:14]} Bf8 {[%emt 0:00:04]} 14. Ng3 {[%emt 0:00:30]} g6 {[%emt 0:00:04]} 15. a4 {[%emt 0:15:27]} c5 {[%emt 0:01:14]} 16. d5 {[%emt 0:02:39]} c4 {[%emt 0:00:13]} 17. Be3 {[%emt 0:01:05]} Nc5 {[%emt 0:07:47]} 18. Bxc5 {[%emt 0:07:40]} dxc5 {[%emt 0:00:08]} 19. Qe2 {[%emt 0:00:51]} Nd7 {[%emt 0:07:10]} 20. Nf1 {[%emt 0:02:44]} Nb6 {[%emt 0:02:23]} 21. Ne3 {[%emt 0:01:12]} Qd6 {[%emt 0:07:07]} 22. Kh1 {[%emt 0:07:32]} Bg7 {[%emt 0:02:47]} 23. Ra2 {[%emt 0:12:10]} Reb8 {[%emt 0:01:30]} 24. Rea1 {[%emt 0:01:00]} Bc8 {[%emt 0:01:42]} 25. axb5 {[%emt 0:06:54]} axb5 {[%emt 0:00:03]} 26. Qf1 {[%emt 0:01:11]} Bd7 {[%emt 0:07:07]} 27. Nd2 {[%emt 0:07:25]} Qf8 {[%emt 0:05:34]} 28. Ra7 {[%emt 0:04:22]} h5 {[%emt 0:05:43]} 29. R1a6 {[%emt 0:02:10]} Qd8 {[%emt 0:05:14]} 30. Qa1 {[%emt 0:01:36]} Rxa7 {[%emt 0:09:38]} 31. Rxa7 {[%emt 0:00:10]} Qf6 {[%emt 0:17:12]} 32. Kg1 {[%emt 0:02:24]} Qd6 {[%emt 0:02:11]} 33. Qa6 {[%emt 0:01:39]} Bf8 {[%emt 0:03:08]} 34. Nb1 {[%emt 0:05:08]} Be8 {[%emt 0:02:31]} 35. Na3 {[%emt 0:01:26]} Nc8 {[%emt 0:00:45]} 36. Qxd6 {[%emt 0:01:01]} Nxd6 {[%emt 0:01:11]} 37. g3 {[%emt 0:01:42]} Bh6 {[%emt 0:02:24]} 38. Ra6 {[%emt 0:04:53]} Rd8 {[%emt 0:02:15]} 39. Rb6 {[%emt 0:02:09]} Bf8 {[%emt 0:01:45]} 40. Kg2 {[%emt 0:01:39]} Bh6 {[%emt 0:30:50]} 41. Kf3 {[%emt 0:32:00]} Kf8 42. Ra6 Ke7 {[%emt 0:00:00]} 43. Nb1 {[%emt 0:00:00]} Bd7 {[%emt 0:00:00]} 44. h4 {[%emt 0:00:00]} Rf8 {[%emt 0:00:00]} 45. Ke2 {[%emt 0:00:00]} f5 {[%emt 0:00:00]} 46. exf5 {[%emt 0:00:00]} gxf5 {[%emt 0:00:00]} 47. Nd2 {[%emt 0:00:00]} f4 {[%emt 0:00:00]} 48. gxf4 {[%emt 0:00:00]} exf4 {[%emt 0:00:00]} 49. Nef1 {[%emt 0:00:00]} Bg7 {[%emt 0:00:00]} 50. Nf3 {[%emt 0:00:00]} b4 {[%emt 0:00:00]} 51. N1d2 {[%emt 0:00:00]} Rb8 {[%emt 0:04:53]} 52. Ba4 {[%emt 0:00:00]} Bg4 {[%emt 0:01:07]} 53. Rc6 {[%emt 0:00:26]} bxc3 {[%emt 0:00:17]} 54. Rc7+ {[%emt 0:01:07]} Kf8 {[%emt 0:00:08]} 55. bxc3 {[%emt 0:01:16]} Bxc3 $19 {[%emt 0:01:35]} 56. Kf1 {[%emt 0:02:09]} Bxd2 {[%emt 0:01:37]} 57. Nxd2 {[%emt 0:00:31]} Rb4 {[%emt 0:00:49]} 58. Bc2 {[%emt 0:03:12]} Rb2 {[%emt 0:02:47]} 59. Ne4 {[%emt 0:00:16]} Bf3 {[%emt 0:01:10]} 60. Ng5 {[%emt 0:00:37]} Rxc2 {[%emt 0:00:53]} 61. Nxf3 {[%emt 0:00:39]} Ne4 {[%emt 0:00:10]} 62. Ng5 {[%emt 0:00:39]} Nxg5 {[%emt 0:01:04]} 63. hxg5 {[%emt 0:00:08]} f3 {[%emt 0:00:30]} 64. Kg1 {[%emt 0:00:31]} h4 {[%emt 0:01:00]} 65. Rh7 {[%emt 0:00:43]} Rc1+ {[%emt 0:00:26]} 66. Kh2 {[%emt 0:00:07]} Rf1 {[%emt 0:00:24]} 67. Rxh4 {[%emt 0:00:16]} Rxf2+ {[%emt 0:00:10]} 68. Kg3 {[%emt 0:00:48]} Rg2+ {[%emt 0:00:37]} 69. Kxf3 {[%emt 0:00:10]} Rxg5 {[%emt 0:00:04]} 70. Ke4 {[%emt 0:00:42]} c3 {[%emt 0:00:33]} 71. Kd3 {[%emt 0:01:13]} Rxd5+ {[%emt 0:01:26]} 72. Kxc3 {[%emt 0:00:09]} 1/2-1/2

[Event "NOR-chT Codanserien 2017-18"]
[Site "Oslo"]
[Date "2017.12.03"]
[Round "3"]
[White "Lahlum, Hans Olav"]
[Black "Nordquelle, Daniel"]
[Result "1-0"]
[WhiteElo "2113"]
[BlackElo "2188"]
[Annotator "NA"]
[PlyCount "87"]
[EventDate "2017.??.??"]
[EventType "team-tourn"]
[EventCountry "NOR"]
[SourceTitle "playchess.com"]
[Source "ChessBase"]
[SourceQuality "1"]
[TimeControl "40/5400+30:1800+30"]

1. d4 {[%emt 0:00:00]} d5 {[%emt 0:00:09]} 2. c4 {[%emt 0:00:00]} e6 {[%emt 0:00:08]} 3. Nf3 {[%emt 0:00:00]} Nf6 {[%emt 0:00:19]} 4. Nc3 {[%emt 0:00:15]} Nbd7 {[%emt 0:02:03]} 5. Bg5 {[%emt 0:00:20]} h6 {[%emt 0:02:41]} 6. Bh4 {[%emt 0:00:12]} Bb4 {[%emt 0:04:38]} 7. cxd5 {[%emt 0:00:07] D51: Damengambit (Cambridge-Springs-Variante und Abweichungen)} exd5 {[%emt 0:00:06]} 8. e3 {[%emt 0:00:33]} g5 {[%emt 0:15:31]} 9. Bg3 {[%emt 0:00:11]} Ne4 {[%emt 0:00:09]} 10. Qc2 {[%emt 0:00:33] LiveBook: 16 Games} h5 {[%emt 0:02:54]} 11. h3 {[%emt 0:00:39]} Nxg3 $146 {[%emt 0:00:23]} ({Vorgänger:} 11... Qf6 12. Bd3 Bxc3+ 13. bxc3 Nxg3 14. fxg3 g4 15. hxg4 hxg4 {½-½ (38) Vachier Lagrave,M (2723)-Grischuk,A (2781) Stavanger 2015}) 12. fxg3 {[%emt 0:00:05]} c6 {[%emt 0:12:46]} 13. Bd3 {[%emt 0:07:41]} Nf8 {[%emt 0:11:26]} 14. O-O-O {[%emt 0:07:40]} g4 {[%emt 0:04:56]} 15. Nh4 {[%emt 0:09:01]} Be6 {[%emt 0:06:59]} 16. Nf5 {[%emt 0:03:00]} Qg5 {[%emt 0:00:35]} 17. h4 {[%emt 0:02:00]} Qd8 {[%emt 0:04:40]} 18. Rhf1 {[%emt 0:04:47]} Qc7 {[%emt 0:04:37]} 19. Ng7+ {[%emt 0:07:55]} Kd8 {[%emt 0:01:17]} 20. Nxe6+ {[%emt 0:00:36]} fxe6 {[%emt 0:02:38]} 21. Ne2 {[%emt 0:12:30]} Qd7 {[%emt 0:06:50]} 22. Rf2 $16 {[%emt 0:02:48]} Rc8 {[%emt 0:01:24]} 23. Rdf1 {[%emt 0:03:02]} Rc7 {[%emt 0:00:22]} 24. Kb1 {[%emt 0:04:53]} Bd6 {[%emt 0:02:48]} 25. Qa4 {[%emt 0:09:05]} a6 {[%emt 0:01:38]} 26. Nf4 {[%emt 0:01:46]} e5 {[%emt 0:01:12]} 27. dxe5 {[%emt 0:02:23]} Bxe5 {[%emt 0:00:03]} 28. Nxh5 {[%emt 0:01:03]} Ne6 {[%emt 0:01:51]} 29. Qxg4 {[%emt 0:01:07]} Qd6 {[%emt 0:01:08]} 30. Nf4 {[%emt 0:04:11]} Nc5 {[%emt 0:00:24]} 31. Bc2 {[%emt 0:01:10]} Rg7 {[%emt 0:01:20]} 32. Qf3 {[%emt 0:00:43]} Rhg8 {[%emt 0:02:11]} 33. Nh5 {[%emt 0:01:43]} Re7 {[%emt 0:00:03]} 34. g4 {[%emt 0:01:02]} Kc7 {[%emt 0:01:17]} 35. Nf4 {[%emt 0:00:49]} d4 {[%emt 0:00:59]} 36. Rd1 {[%emt 0:02:42]} Rf8 {[%emt 0:02:03]} 37. g3 {[%emt 0:01:57]} Rd7 {[%emt 0:01:16]} 38. exd4 {[%emt 0:02:24]} Bxd4 {[%emt 0:00:47]} 39. Rfd2 {[%emt 0:01:15]} Qe5 {[%emt 0:01:28]} 40. Nd5+ {[%emt 0:03:19]} Rxd5 {[%emt 0:31:46]} 41. Qxf8 {[%emt 0:30:20]} Ne6 {[%emt 0:00:17]} 42. Qf3 {[%emt 0:04:38]} Rb5 {[%emt 0:00:00]} 43. Bb3 {[%emt 0:00:00]} c5 {[%emt 0:00:00]} 44. Re2 {[%emt 0:00:00]} 1-0

[Event "NOR-chT Codanserien 2017-18"]
[Site "Oslo"]
[Date "2017.12.03"]
[Round "3"]
[White "Andersen, Oystein R"]
[Black "Kaasen, Tor Fredrik"]
[Result "1/2-1/2"]
[WhiteElo "2067"]
[BlackElo "2347"]
[Annotator "NA"]
[PlyCount "63"]
[EventDate "2017.??.??"]
[EventType "team-tourn"]
[EventCountry "NOR"]
[SourceTitle "playchess.com"]
[Source "ChessBase"]
[SourceQuality "1"]
[TimeControl "40/5400+30:1800+30"]

1. c4 {[%emt 0:00:00]} e6 {[%emt 0:03:22]} 2. g3 {[%emt 0:00:05]} Nf6 {[%emt 0:00:31]} 3. Bg2 {[%emt 0:00:43]} d5 {[%emt 0:00:08]} 4. Nf3 {[%emt 0:00:36]} dxc4 {[%emt 0:01:18]} 5. O-O {[%emt 0:06:11]} Be7 {[%emt 0:01:29]} 6. Na3 {[%emt 0:01:09] A14: English Opening: 1...e6 with b3 by White} a6 {[%emt 0:13:35]} (6... c5 7. Nxc4 Nc6 8. b3 O-O 9. Bb2 Bd7 10. d4 Rc8 11. dxc5 Bxc5 12. Nd6 Rc7 13. Rc1 b6 14. Ng5 Qe7 15. Nge4 Nxe4 16. Nxe4 Rd8 17. Nxc5 bxc5 {1-0 (46) Grischuk,A (2795)-Inarkiev,E (2688) Moscow 2014}) 7. Nxc4 {[%emt 0:05:13]} b5 {[%emt 0:00:32]} 8. Nce5 {[%emt 0:02:44]} O-O {[%emt 0:03:40]} 9. b3 $146 {[%emt 0:06:33]} ({Better is Predecessor:} 9. d4 $16 Bb7 10. Bd2 Nbd7 11. Rc1 Nxe5 12. dxe5 Nd5 13. Qc2 c5 {0-1 (52) Moehn,H (2380)-Dmochowska,A (2202) Warsaw 2017}) 9... Bb7 {[%emt 0:01:12]} 10. Bb2 {[%emt 0:04:42]} c5 {[%emt 0:00:46]} 11. Rc1 {[%emt 0:03:01]} Nbd7 {[%emt 0:05:15]} 12. d4 {[%emt 0:08:22]} Nxe5 {[%emt 0:01:30]} 13. Nxe5 {[%emt 0:00:55]} Bxg2 {[%emt 0:00:57]} 14. Kxg2 {[%emt 0:00:20]} Qd5+ {[%emt 0:02:33]} 15. f3 {[%emt 0:02:53]} Rfd8 {[%emt 0:03:09]} 16. e4 {[%emt 0:01:50]} Qb7 {[%emt 0:01:03]} 17. Qe2 {[%emt 0:02:41]} Rac8 {[%emt 0:06:19]} 18. dxc5 {[%emt 0:03:06]} Bxc5 {[%emt 0:01:02]} 19. Rfd1 {[%emt 0:02:29]} Qb6 {[%emt 0:01:46]} 20. Qc2 {[%emt 0:06:17]} Rxd1 {[%emt 0:06:36]} 21. Rxd1 {[%emt 0:02:25]} Re8 {[%emt 0:01:35]} 22. Qc3 {[%emt 0:03:00]} b4 {[%emt 0:03:19]} 23. Qd3 {[%emt 0:01:59]} Bf8 {[%emt 0:01:58]} 24. Nc4 {[%emt 0:06:50]} Qc5 {[%emt 0:00:42]} 25. Bxf6 {[%emt 0:03:25]} gxf6 {[%emt 0:00:05]} 26. Qd4 {[%emt 0:00:26]} Qg5 {[%emt 0:03:15]} ({Better is} 26... Kg7 $14) 27. Qd7 {[%emt 0:03:20]} Qb5 {[%emt 0:00:07]} 28. Qc7 {[%emt 0:02:55]} Re7 {[%emt 0:03:07]} 29. Qc8 {[%emt 0:03:49]} (29. Qf4 $16) 29... Re8 {[%emt 0:00:33]} 30. Qc7 {[%emt 0:01:14]} Re7 {[%emt 0:05:22]} 31. Qc8 {[%emt 0:00:53]} Re8 $14 {[%emt 0:01:48]} 32. Qc7 {[%emt 0:00:55]} 1/2-1/2